[Event "GER-chT Betriebe 17th"]
[Site "Berlin"]
[Date "2017.11.03"]
[Round "4.2"]
[White "Schildt, Rene"]
[Black "Heinrich, Thomas"]
[Result "1/2-1/2"]
[WhiteElo "2112"]
[BlackElo "2215"]
[PlyCount "80"]
[EventDate "2017.11.02"]
[EventType "team-swiss"]
[EventRounds "7"]
[EventCountry "GER"]
[SourceTitle "EXT 2020"]
[Source "ChessBase"]
[SourceDate "2019.10.17"]
[SourceVersion "1"]
[SourceVersionDate "2019.10.17"]
[SourceQuality "1"]
[WhiteTeam "Berlin Tempelhof"]
[BlackTeam "Leipzig Publishing Services"]
[WhiteTeamCountry "GER"]
[BlackTeamCountry "GER"]

1. e4 Nf6 2. e5 Nd5 3. c4 Nb6 4. c5 Nd5 5. Nc3 Nxc3 6. bxc3 d5 7. d4 Nc6 8. Bd3 b6 9. Nf3 e6 10. 0-0 Be7 11. Qd2 bxc5 12. Qf4 cxd4 13. Qg3 g6 14. Bb5 Bd7 15. cxd4 Rb8 16. a4 Nb4 17. Bh6 c6 18. Be2 c5 19. dxc5 Bxc5 20. Qf4 Bf8 21. Rfc1 a5 22. Bxf8 Kxf8 23. Ng5 Qe8 24. Rc7 h6 25. Nxf7 Qxf7 26. Qxf7+ Kxf7 27. Rxd7+ Kg8 28. Bg4 Re8 29. Rc1 Rh7 30. Bxe6+ Kh8 31. Rxh7+ Kxh7 32. Rc7+ Kh8 33. Rc8 Rxc8 34. Bxc8 Nd3 35. e6 Kg7 36. Kf1 Kf6 37. g3 Nc5 38. Bd7 Nxe6 39. Bxe6 Kxe6 40. Ke2 g5 1/2-1/2

[Event "GER-chT Betriebe 17th"]
[Site "Berlin"]
[Date "2017.11.02"]
[Round "1.2"]
[White "Bladt, Friedhelm"]
[Black "Schildt, Rene"]
[Result "0-1"]
[WhiteElo "2018"]
[BlackElo "2112"]
[PlyCount "70"]
[EventDate "2017.11.02"]
[EventType "team-swiss"]
[EventRounds "7"]
[EventCountry "GER"]
[SourceTitle "EXT 2020"]
[Source "ChessBase"]
[SourceDate "2019.10.17"]
[SourceVersion "1"]
[SourceVersionDate "2019.10.17"]
[SourceQuality "1"]
[WhiteTeam "Berlin Bayer"]
[BlackTeam "Berlin Tempelhof"]
[WhiteTeamCountry "GER"]
[BlackTeamCountry "GER"]

1. e4 d5 2. exd5 Qxd5 3. Nf3 Nf6 4. d4 g6 5. c4 Qd8 6. h3 Bg7 7. Be3 0-0 8. Nc3 a6 9. Qd2 Re8 10. Be2 Bf5 11. Nh4 Ne4 12. Nxe4 Bxe4 13. Bf3 Bxf3 14. Nxf3 Nd7 15. Rd1 b5 16. b3 Qc8 17. 0-0 Qb7 18. d5 Ne5 19. Nxe5 Bxe5 20. Bd4 Bxd4 21. Qxd4 b4 22. Rfe1 c6 23. Qc5 cxd5 24. Rxd5 e6 25. Rd6 a5 26. Red1 Qe4 27. Rd7 Qc2 28. R1d2 Qb1+ 29. Kh2 e5 30. Qc7 Qf5 31. g3 e4 32. g4 Qf6 33. R7d6 Qe5+ 34. Kh1 e3 35. Re2 Rac8 0-1

[Event "Berlin-ch MT"]
[Site "Berlin"]
[Date "2016.04.01"]
[Round "7"]
[White "Von Herman, Ulf"]
[Black "Schildt, Rene"]
[Result "0-1"]
[WhiteElo "2357"]
[BlackElo "2073"]
[PlyCount "48"]
[EventDate "2016.03.26"]
[EventType "swiss"]
[EventRounds "9"]
[EventCountry "GER"]
[SourceTitle "EXT 2022"]
[Source "ChessBase"]
[SourceDate "2021.10.06"]
[SourceVersion "1"]
[SourceVersionDate "2021.10.06"]
[SourceQuality "1"]

1. d4 d5 2. Bg5 c6 3. e3 Nd7 4. c4 Ngf6 5. cxd5 Qa5+ 6. Qd2 Qxd5 7. Bxf6 Nxf6 8. Nc3 Qa5 9. Nf3 g6 10. Bc4 Bg7 11. e4 0-0 12. e5 Ng4 13. h3 Nh6 14. h4 Bg4 15. Ng5 c5 16. d5 Bxe5 17. h5 gxh5 18. Bd3 Qb4 19. Nge4 f5 20. a3 Qd4 21. Nb5 Qxb2 22. Qg5+ Bg7 23. Rb1 Qe5 24. f4 Qb8 0-1

[Event "Berlin-ch MT"]
[Site "Berlin"]
[Date "2016.03.29"]
[Round "4"]
[White "Kunz, Andre"]
[Black "Schildt, Rene"]
[Result "1/2-1/2"]
[WhiteElo "2088"]
[BlackElo "2073"]
[PlyCount "117"]
[EventDate "2016.03.26"]
[EventType "swiss"]
[EventRounds "9"]
[EventCountry "GER"]
[SourceTitle "EXT 2022"]
[Source "ChessBase"]
[SourceDate "2021.10.06"]
[SourceVersion "1"]
[SourceVersionDate "2021.10.06"]
[SourceQuality "1"]

1. e4 d6 2. d4 Nf6 3. Nc3 e5 4. Nge2 Be7 5. g3 0-0 6. Bg2 Re8 7. h3 c6 8. a4 a5 9. 0-0 Nbd7 10. Be3 Qc7 11. g4 Nf8 12. Ng3 Ne6 13. Nf5 Bf8 14. b3 Nf4 15. Bxf4 exf4 16. g5 Bxf5 17. exf5 Nd7 18. Qg4 d5 19. Kh1 Bb4 20. Ne2 Bd6 21. h4 Re7 22. f6 Re6 23. fxg7 Rae8 24. Ng1 Kxg7 25. Bh3 Nf8 26. Nf3 Re2 27. Qf5 Qe7 28. h5 Qe6 29. Rae1 Qxf5 30. Bxf5 h6 31. Rxe2 Rxe2 32. Bd3 Re7 33. Nh4 Kh8 34. Nf5 Rd7 35. Nxh6 Ne6 36. Bf5 Kg7 37. Ng4 Re7 38. h6+ Kh8 39. Bxe6 Rxe6 40. Nf6 Be7 41. Kg2 Bxf6 42. gxf6 Kh7 43. Kf3 Kxh6 44. Rg1 b6 45. c3 c5 46. Rd1 cxd4 47. Rxd4 Rc6 48. Rd3 Kg6 49. Kxf4 Rxf6+ 50. Ke5 Rf5+ 51. Kd6 Rxf2 52. Kxd5 Re2 53. Kc4 Re6 54. Kb5 f5 55. c4 f4 56. c5 bxc5 57. Kxa5 Kf5 58. Kb5 Re3 59. Rd8 1/2-1/2

[Event "Berlin-ch MT"]
[Site "Berlin"]
[Date "2016.03.28"]
[Round "3"]
[White "Schildt, Rene"]
[Black "Moeller, Hendrik"]
[Result "0-1"]
[WhiteElo "2073"]
[BlackElo "2305"]
[PlyCount "76"]
[EventDate "2016.03.26"]
[EventType "swiss"]
[EventRounds "9"]
[EventCountry "GER"]
[SourceTitle "EXT 2022"]
[Source "ChessBase"]
[SourceDate "2021.10.06"]
[SourceVersion "1"]
[SourceVersionDate "2021.10.06"]
[SourceQuality "1"]

1. e4 c5 2. Nf3 a6 3. c4 e6 4. Nc3 Qc7 5. d4 cxd4 6. Nxd4 Nf6 7. a3 Nc6 8. Be3 b6 9. Be2 Ne5 10. Rc1 Bb7 11. f4 Ng6 12. e5 Ne4 13. 0-0 Be7 14. Bd3 Nxc3 15. Rxc3 Rd8 16. Qh5 0-0 17. b4 d6 18. f5 dxe5 19. Nxe6 fxe6 20. fxg6 Rxf1+ 21. Bxf1 hxg6 22. Qxg6 Bf6 23. Qg4 Kf7 24. Qh5+ Kg8 25. Qg4 Kf7 26. Qh5+ Kg8 27. Rc1 Qc6 28. Qg4 Kf7 29. b5 axb5 30. cxb5 Qd6 31. Qh5+ Kg8 32. Bg5 Rf8 33. Bxf6 Rxf6 34. Rd1 Qc5+ 35. Kh1 Rf8 36. Bd3 Bxg2+ 37. Kxg2 Rf2+ 38. Kg1 Rd2+ 0-1

[Event "GER-chT Betriebe 14th"]
[Site "Dresden"]
[Date "2014.11.22"]
[Round "5.1"]
[White "Kleeschaetzky, Rainer"]
[Black "Schildt, Rene"]
[Result "1/2-1/2"]
[WhiteElo "2321"]
[BlackElo "2073"]
[PlyCount "88"]
[EventDate "2014.11.20"]
[EventType "team-swiss"]
[EventRounds "7"]
[EventCountry "GER"]
[SourceTitle "EXT 2020"]
[Source "ChessBase"]
[SourceDate "2019.10.17"]
[SourceVersion "1"]
[SourceVersionDate "2019.10.17"]
[SourceQuality "1"]
[WhiteTeam "Berlin Deutsche Bahn/BSW"]
[BlackTeam "Berlin Tempelhof"]
[WhiteTeamCountry "GER"]
[BlackTeamCountry "GER"]

1. e4 d5 2. exd5 Qxd5 3. Nc3 Qd6 4. d4 Nf6 5. Nf3 a6 6. Bd3 g6 7. 0-0 Bf5 8. Bxf5 gxf5 9. Ne2 Nc6 10. Bf4 Qd7 11. Ne5 Nxe5 12. Bxe5 Bg7 13. Nf4 0-0-0 14. c3 Rhg8 15. Qf3 Ne4 16. Bxg7 Rxg7 17. Rfe1 Rdg8 18. g3 e6 19. Qe3 Kb8 20. f3 Nf6 21. Qe5 Qd8 22. Rad1 Nd7 23. Qe3 Qh4 24. Re2 h5 25. Rg2 Qg5 26. h4 Qh6 27. Kf2 Qh8 28. b4 Rh7 29. a4 Nf8 30. b5 a5 31. b6 cxb6 32. d5 Nd7 33. dxe6 fxe6 34. Qxe6 Re8 35. Qd6+ Ka7 36. Nd5 Qe5 37. Qxe5 Rxe5 38. c4 Nc5 39. Nc3 Rd7 40. Rgg1 Nd3+ 41. Kg2 Re3 42. Nb5+ Ka6 43. Rgf1 Re2+ 44. Kg1 Rg7 1/2-1/2

[Event "GER-chT Betriebe 14th"]
[Site "Dresden"]
[Date "2014.11.22"]
[Round "6.1"]
[White "Schildt, Rene"]
[Black "Gohil, Harry"]
[Result "1-0"]
[WhiteElo "2073"]
[BlackElo "2322"]
[PlyCount "111"]
[EventDate "2014.11.20"]
[EventType "team-swiss"]
[EventRounds "7"]
[EventCountry "GER"]
[SourceTitle "EXT 2020"]
[Source "ChessBase"]
[SourceDate "2019.10.17"]
[SourceVersion "1"]
[SourceVersionDate "2019.10.17"]
[SourceQuality "1"]
[WhiteTeam "Berlin Tempelhof"]
[BlackTeam "Frankfurt Commerzbank"]
[WhiteTeamCountry "GER"]
[BlackTeamCountry "GER"]

1. e4 c5 2. Nf3 Nc6 3. d4 cxd4 4. Nxd4 e5 5. Nb5 d6 6. N1c3 a6 7. Na3 Be7 8. Be3 Nf6 9. Nc4 b5 10. Nb6 Rb8 11. Nbd5 0-0 12. Nxf6+ Bxf6 13. Nd5 Bg5 14. c3 Bxe3 15. Nxe3 Ne7 16. a4 f5 17. axb5 axb5 18. exf5 Nxf5 19. Nxf5 Bxf5 20. Qd5+ Kh8 21. Be2 b4 22. 0-0 bxc3 23. bxc3 Rb2 24. Bf3 Qe7 25. Ra8 g6 26. Rxf8+ Qxf8 27. Be4 Bxe4 28. Qxe4 Qc8 29. Qd5 Qc7 30. h4 Kg7 31. h5 Rc2 32. hxg6 hxg6 33. Rb1 Kh6 34. Rb3 Qe7 35. Qd1 Ra2 36. c4 Qa7 37. Qf3 Qe7 38. g3 Ra7 39. Kg2 Rc7 40. Qd5 Rc5 41. Qg8 Qg7 42. Qe6 Qc7 43. Rd3 Qb7+ 44. Kh2 Qe4 45. Rxd6 Rxc4 46. Qh3+ Kg5 47. f4+ exf4 48. Qh4+ Kf5 49. Rf6+ Ke5 50. Qg5+ Qf5 51. Rxf5+ gxf5 52. Qe7+ Kd4 53. gxf4 Kd3 54. Qe5 Re4 55. Qxf5 Ke3 56. Kg3 1-0

[Event "Zehlendorf op 14th"]
[Site "Berlin"]
[Date "2014.06.12"]
[Round "5"]
[White "Schildt, Rene"]
[Black "Kuehnemann, Gunnar"]
[Result "1-0"]
[WhiteElo "2056"]
[BlackElo "1783"]
[PlyCount "81"]
[EventDate "2014.05.08"]
[EventType "swiss"]
[EventRounds "7"]
[EventCountry "GER"]
[SourceTitle "EXT 2023"]
[Source "ChessBase"]
[SourceDate "2022.10.05"]
[SourceVersion "1"]
[SourceVersionDate "2022.10.05"]
[SourceQuality "1"]

1. Nf3 Nf6 2. g3 g6 3. Bg2 Bg7 4. 0-0 d6 5. c4 0-0 6. Nc3 c5 7. d3 Nc6 8. Rb1 Ne8 9. Bd2 Rb8 10. Qc1 Nc7 11. Bh6 Bd7 12. Ne4 Ne6 13. Bxg7 Kxg7 14. e3 a6 15. b3 Kg8 16. Rb2 b5 17. Nc3 b4 18. Ne2 Ne5 19. Nxe5 dxe5 20. Rd2 Qc7 21. Qb2 f6 22. Bd5 Kg7 23. Bxe6 Bxe6 24. f3 Rbd8 25. Rfd1 Qc6 26. Kf2 Rd6 27. d4 exd4 28. exd4 cxd4 29. Nxd4 Qb6 30. Kg2 Bc8 31. Rd3 Rfd8 32. Qf2 Kf7 33. f4 Bf5 34. R3d2 e5 35. fxe5 fxe5 36. Nxf5 Qxf2+ 37. Rxf2 Rxd1 38. Ne3+ Kg7 39. Nxd1 Rxd1 40. Kf3 Kf6 41. Ke2+ 1-0

[Event "Zehlendorf op 14th"]
[Site "Berlin"]
[Date "2014.06.05"]
[Round "4"]
[White "Krefenstein, Sergej"]
[Black "Schildt, Rene"]
[Result "1-0"]
[WhiteElo "2110"]
[BlackElo "2056"]
[PlyCount "47"]
[EventDate "2014.05.08"]
[EventType "swiss"]
[EventRounds "7"]
[EventCountry "GER"]
[SourceTitle "EXT 2023"]
[Source "ChessBase"]
[SourceDate "2022.10.05"]
[SourceVersion "1"]
[SourceVersionDate "2022.10.05"]
[SourceQuality "1"]

1. e4 d5 2. exd5 Qxd5 3. Nc3 Qd6 4. d4 Nf6 5. Nf3 a6 6. g3 Bg4 7. Bg2 Nc6 8. 0-0 0-0-0 9. d5 Qb4 10. h3 Bh5 11. a3 Qc4 12. Nd2 Qxc3 13. bxc3 Bxd1 14. dxc6 Bxc2 15. cxb7+ Kb8 16. Nc4 Ba4 17. Ne5 Be8 18. Bc6 e6 19. Bxe8 Rxe8 20. Rb1 c5 21. Nxf7 Rg8 22. Bf4+ e5 23. Bxe5+ Rxe5 24. Nxe5 1-0

[Event "Berlin Lichtenberger op 12th"]
[Site "Berlin"]
[Date "2013.08.19"]
[Round "3"]
[White "Schildt, Rene"]
[Black "Georgi, David"]
[Result "1-0"]
[WhiteElo "2053"]
[BlackElo "1696"]
[PlyCount "57"]
[EventDate "2013.08.17"]
[EventType "swiss"]
[EventRounds "9"]
[EventCountry "GER"]
[SourceTitle "CBM 156 Extra"]
[Source "ChessBase"]
[SourceDate "2013.10.22"]
[SourceVersion "1"]
[SourceVersionDate "2013.10.22"]
[SourceQuality "1"]

1. Nf3 c5 2. c4 g6 3. g3 b6 4. Bg2 Bb7 5. 0-0 Bg7 6. Nc3 Nf6 7. d3 0-0 8. Rb1 Na6 9. Bg5 Nc7 10. Qd2 Re8 11. Bh6 Bh8 12. h3 Rc8 13. e4 d6 14. Ng5 Nd7 15. f4 Ba8 16. f5 Ne5 17. fxg6 hxg6 18. Rbd1 Qd7 19. Kh2 Ne6 20. Nxe6 Qxe6 21. Ne2 Bg7 22. b3 Rb8 23. Bxg7 Kxg7 24. Nf4 Qd7 25. d4 Nc6 26. Nh5+ gxh5 27. Qg5+ Kh8 28. Qxh5+ Kg8 29. Rxf7 1-0

[Event "Berlin Eckbauer op 15th"]
[Site "Berlin"]
[Date "2012.11.26"]
[Round "7.3"]
[White "Schildt, Rene"]
[Black "Moeller, Hendrik"]
[Result "1/2-1/2"]
[WhiteElo "2051"]
[BlackElo "2259"]
[PlyCount "69"]
[EventDate "2012.10.15"]
[EventType "swiss"]
[EventRounds "7"]
[EventCountry "GER"]
[SourceTitle "EXT 2022"]
[Source "ChessBase"]
[SourceDate "2021.10.06"]
[SourceVersion "1"]
[SourceVersionDate "2021.10.06"]
[SourceQuality "1"]

1. e4 c6 2. d4 d5 3. Nc3 dxe4 4. Nxe4 Bf5 5. Ng3 Bg6 6. Nf3 Nd7 7. h4 h6 8. h5 Bh7 9. Bd3 Bxd3 10. Qxd3 e6 11. Bd2 Ngf6 12. 0-0-0 Be7 13. Ne4 Nxe4 14. Qxe4 Nf6 15. Qd3 0-0 16. Kb1 c5 17. g4 Nxg4 18. Qe2 cxd4 19. Rhg1 d3 20. cxd3 f5 21. Qxe6+ Rf7 22. Bc3 Qd6 23. Qb3 Bf6 24. d4 Re8 25. Ne5 Bxe5 26. dxe5 Qc6 27. f4 Re6 28. Bd4 b6 29. Rc1 Qe4+ 30. Ka1 Rfe7 31. Rgd1 Kh7 32. Rc4 Qxf4 33. Bc5 Qxe5 34. Bxe7 Rxe7 35. Rdc1 1/2-1/2

[Event "Berlin Werner Ott op"]
[Site "Berlin"]
[Date "2012.07.14"]
[Round "8"]
[White "Schildt, Rene"]
[Black "Paulsen, Dirk"]
[Result "0-1"]
[WhiteElo "2038"]
[BlackElo "2378"]
[PlyCount "62"]
[EventDate "2012.07.07"]
[EventType "swiss"]
[EventRounds "9"]
[EventCountry "GER"]
[SourceTitle "CBM 149 Extra"]
[Source "ChessBase"]
[SourceDate "2012.08.24"]
[SourceVersion "1"]
[SourceVersionDate "2012.08.24"]
[SourceQuality "1"]

1. Nf3 f5 2. g3 Nf6 3. c4 g6 4. Bg2 Bg7 5. 0-0 0-0 6. Nc3 c6 7. Qb3 d6 8. d4 Qe8 9. d5 Na6 10. Be3 e5 11. dxe6 Qe7 12. Rad1 Ng4 13. Bd4 Bxe6 14. Bxg7 Kxg7 15. Qa3 Nc5 16. b3 h6 17. h3 Nf6 18. Qb2 Kh7 19. Nd2 a5 20. Qc2 f4 21. gxf4 Nh5 22. e3 Bf5 23. Qc1 Nd3 24. Qa1 Ndxf4 25. exf4 Nxf4 26. Nf3 Nxg2 27. Kxg2 Bxh3+ 28. Kxh3 Rxf3+ 29. Kg2 Raf8 30. Qc1 Qh4 31. Qe3 Qh3+ 0-1

[Event "Berlin Werner Ott op"]
[Site "Berlin"]
[Date "2012.07.11"]
[Round "5"]
[White "Niehaus, Frank"]
[Black "Schildt, Rene"]
[Result "1-0"]
[WhiteElo "2214"]
[BlackElo "2038"]
[PlyCount "47"]
[EventDate "2012.07.07"]
[EventType "swiss"]
[EventRounds "9"]
[EventCountry "GER"]
[SourceTitle "CBM 149 Extra"]
[Source "ChessBase"]
[SourceDate "2012.08.24"]
[SourceVersion "1"]
[SourceVersionDate "2012.08.24"]
[SourceQuality "1"]

1. e4 c5 2. Nf3 Nc6 3. d4 cxd4 4. Nxd4 Nf6 5. Nc3 e5 6. Ndb5 d6 7. Bg5 a6 8. Na3 b5 9. Bxf6 gxf6 10. Nd5 Bg7 11. c3 Ne7 12. Nc2 Be6 13. Nce3 Rb8 14. Bd3 Nxd5 15. exd5 Bd7 16. Qh5 Ke7 17. 0-0 Qb6 18. Bf5 Bxf5 19. Nxf5+ Kf8 20. Rae1 Rg8 21. Re3 Bh8 22. Qxh7 Qc5 23. Rg3 Rxg3 24. hxg3 1-0

[Event "Berlin Werner Ott op"]
[Site "Berlin"]
[Date "2012.07.08"]
[Round "2"]
[White "Schildt, Rene"]
[Black "Meister, Jakob"]
[Result "0-1"]
[WhiteElo "2038"]
[BlackElo "2480"]
[PlyCount "136"]
[EventDate "2012.07.07"]
[EventType "swiss"]
[EventRounds "9"]
[EventCountry "GER"]
[SourceTitle "CBM 149 Extra"]
[Source "ChessBase"]
[SourceDate "2012.08.24"]
[SourceVersion "1"]
[SourceVersionDate "2012.08.24"]
[SourceQuality "1"]

1. Nf3 d5 2. d4 Nf6 3. c4 e6 4. g3 Bb4+ 5. Bd2 Be7 6. Bg2 0-0 7. 0-0 dxc4 8. Qc2 a6 9. Qxc4 Nbd7 10. Ba5 b6 11. Ne5 Nxe5 12. dxe5 Nd5 13. e4 Ne3 14. fxe3 bxa5 15. Nc3 c5 16. Ne2 Qd2 17. Nf4 Qxe3+ 18. Kh1 Qd4 19. Qxd4 cxd4 20. Rfd1 Rb8 21. b3 Rb5 22. Rxd4 Rxe5 23. Rc1 Rb5 24. Rdc4 Bb7 25. Rc7 Ba3 26. Rd1 Bc8 27. Rf1 Rc5 28. Rxc5 Bxc5 29. Rd1 Ba3 30. h4 Re8 31. Bf3 Kf8 32. Rd2 Ke7 33. Rc2 Bd6 34. Kg2 Bb7 35. Nd3 Rc8 36. Rxc8 Bxc8 37. Nb2 Bc7 38. Nc4 f6 39. a4 Kd7 40. Nb2 Kd6 41. Nd3 Bb6 42. e5+ Ke7 43. Be4 h6 44. g4 Bd4 45. g5 Bxe5 46. Nxe5 fxe5 47. Kg3 hxg5 48. hxg5 Kd6 49. Kg4 Bd7 50. Bb7 Kc5 51. Bxa6 e4 52. Kg3 e5 53. Kf2 Kd4 54. Bb7 e3+ 55. Ke1 Be6 56. Ba6 Bxb3 57. Bb5 Ke4 58. Ke2 Kf4 59. g6 Bc2 60. Be8 Ke4 61. Bc6+ Kd4 62. Be8 Bf5 63. Ke1 Bg4 64. Bb5 Kc5 65. Be8 Kd6 66. Bf7 Ke7 67. Bb3 Kf6 68. Bf7 Bh5 0-1

[Event "Berlin-ch qualification"]
[Site "Berlin-Lichtenrade"]
[Date "2012.04.09"]
[Round "3.7"]
[White "Muench, Robert"]
[Black "Schildt, Rene"]
[Result "1/2-1/2"]
[WhiteElo "1890"]
[BlackElo "2041"]
[PlyCount "20"]
[EventDate "2012.04.08"]
[EventType "swiss"]
[EventRounds "9"]
[EventCountry "GER"]
[SourceTitle "EXT 2022"]
[Source "ChessBase"]
[SourceDate "2021.10.06"]
[SourceVersion "1"]
[SourceVersionDate "2021.10.06"]
[SourceQuality "1"]

1. e4 c5 2. Nf3 e6 3. d4 cxd4 4. Nxd4 a6 5. c4 Qc7 6. Be3 Nf6 7. Nc3 b6 8. Be2 Bb7 9. f3 g6 10. Qd2 Bg7 1/2-1/2

[Event "Berlin Eckbauer op 14th"]
[Site "Berlin"]
[Date "2011.11.21"]
[Round "6.3"]
[White "Krefenstein, Sergej"]
[Black "Schildt, Rene"]
[Result "1/2-1/2"]
[WhiteElo "2025"]
[BlackElo "2045"]
[PlyCount "89"]
[EventDate "2011.10.17"]
[EventType "swiss"]
[EventRounds "7"]
[EventCountry "GER"]
[SourceTitle "EXT 2022"]
[Source "ChessBase"]
[SourceDate "2021.10.06"]
[SourceVersion "1"]
[SourceVersionDate "2021.10.06"]
[SourceQuality "1"]

1. d4 d5 2. c4 e6 3. Nf3 Nf6 4. g3 Be7 5. Bg2 0-0 6. 0-0 dxc4 7. Ne5 Nc6 8. Nxc6 bxc6 9. Bxc6 Rb8 10. Nc3 Rb6 11. Bg2 a6 12. e4 Bb7 13. Qe2 Qb8 14. Be3 Bc8 15. Rab1 a5 16. Rfc1 Ba6 17. d5 c5 18. dxc6 Rxc6 19. e5 Nd5 20. Nxd5 exd5 21. Bxd5 c3 22. Qc2 Rcc8 23. bxc3 Qxe5 24. c4 Ba3 25. Rd1 Bc5 26. Bxc5 Rxc5 27. Qa4 Qc7 28. Rd4 h6 29. Rf4 g5 30. Re4 Rc8 31. Rbe1 Bxc4 32. Re7 Bxd5 33. Rxc7 R8xc7 34. h4 Be6 35. hxg5 hxg5 36. a3 Kg7 37. Qd4+ Kg6 38. Re5 Rc1+ 39. Kg2 Bc8 40. Qd6+ f6 41. Qd3+ Kg7 42. Rxa5 Bb7+ 43. Kh3 Bc8+ 44. Kg2 Bb7+ 45. Kh3 1/2-1/2

[Event "Leutersdorf Sparkasse op 15th"]
[Site "Leutersdorf"]
[Date "2011.02.20"]
[Round "7"]
[White "Schildt, Rene"]
[Black "Arnhold, Albrecht"]
[Result "0-1"]
[WhiteElo "2037"]
[BlackElo "2016"]
[PlyCount "82"]
[EventDate "2011.02.18"]
[EventType "swiss"]
[EventRounds "7"]
[EventCountry "GER"]
[SourceTitle "CBM 141 Extra"]
[Source "ChessBase"]
[SourceDate "2011.05.03"]
[SourceVersion "1"]
[SourceVersionDate "2011.05.03"]
[SourceQuality "1"]

1. e4 c5 2. Nf3 Nc6 3. d4 cxd4 4. Nxd4 Nf6 5. Nc3 e5 6. Ndb5 d6 7. Bg5 a6 8. Na3 b5 9. Bxf6 gxf6 10. Nd5 Bg7 11. c3 Ne7 12. Nxe7 Qxe7 13. Nc2 f5 14. exf5 Bxf5 15. Ne3 Be6 16. Qf3 0-0 17. Bd3 Rfd8 18. Qe4 h6 19. h4 d5 20. Qh7+ Kf8 21. g4 e4 22. Be2 b4 23. g5 hxg5 24. Rg1 f5 25. Qg6 bxc3 26. Nxf5 cxb2 27. Rb1 Bc3+ 28. Kf1 Qf6 29. Qxf6+ Bxf6 30. hxg5 Bc3 31. Ne3 Bh3+ 32. Ng2 Rdc8 33. Rh1 Bg7 34. Kg1 Rc1+ 35. Kh2 Rxh1+ 36. Rxh1 Bxg2 37. Kxg2 Rc8 38. Rb1 Rc1 39. Rxb2 Bxb2 40. Bxa6 d4 41. f4 d3 0-1

[Event "Guben op 14th"]
[Site "Guben"]
[Date "2011.01.04"]
[Round "5.5"]
[White "Schildt, Rene"]
[Black "Foisor, Ovidiu Doru"]
[Result "1/2-1/2"]
[WhiteElo "2037"]
[BlackElo "2397"]
[PlyCount "168"]
[EventDate "2011.01.02"]
[EventType "swiss"]
[EventRounds "9"]
[EventCountry "GER"]
[SourceTitle "CBM 140 Extra"]
[Source "ChessBase"]
[SourceDate "2011.03.01"]
[SourceVersion "1"]
[SourceVersionDate "2011.03.01"]
[SourceQuality "1"]

1. e4 d5 2. exd5 Qxd5 3. Nc3 Qd6 4. d4 Nf6 5. Nf3 g6 6. g3 Bg7 7. Bg2 Qa6 8. Qe2 c6 9. Bf4 Qxe2+ 10. Nxe2 Bf5 11. Rc1 Nbd7 12. 0-0 0-0 13. h3 Rfe8 14. g4 Be4 15. Nc3 Bxf3 16. Bxf3 e5 17. dxe5 Nxe5 18. Bg2 Nc4 19. Rcd1 h6 20. Bc1 Rac8 21. Rfe1 Nh7 22. Na4 Nf8 23. b3 Rxe1+ 24. Rxe1 Nd6 25. Bf4 Nb5 26. c4 Nd4 27. Re7 Nfe6 28. Be3 b5 29. Nc3 bxc4 30. bxc4 Rb8 31. Rxa7 Nc2 32. Ne4 Rb1+ 33. Bf1 Ned4 34. Bxd4 Bxd4 35. Rc7 Rb2 36. Rxc6 Rxa2 37. Rd6 Ne1 38. c5 Rc2 39. c6 Kg7 40. Bb5 f5 41. Rd7+ Kf8 42. gxf5 gxf5 43. c7 fxe4 44. Rd8+ Kg7 45. c8Q Bxf2+ 46. Kf1 Rxc8 47. Rxc8 Bh4 48. Rc4 Nf3 49. Ke2 Ng5 50. Bc6 Nxh3 51. Rxe4 Bf6 52. Be8 Ng5 53. Rb4 Be5 54. Rb7+ Kf6 55. Rb6+ Kg7 56. Bh5 Bf4 57. Rg6+ Kh7 58. Ra6 Kg7 59. Kd3 Be5 60. Kc4 Bf4 61. Kd5 Bh2 62. Rg6+ Kh7 63. Rb6 Kg7 64. Kc4 Bf4 65. Kb5 Be3 66. Rg6+ Kh7 67. Rd6 Kg7 68. Kc6 Bf4 69. Rg6+ Kh7 70. Rf6 Be5 71. Rf5 Bc3 72. Kd7 Kg7 73. Rc5 Ne4 74. Rc7 Be5 75. Ra7 Kf6 76. Ra5 Ng3 77. Bg4 h5 78. Bh3 Ne2 79. Ra8 Nf4 80. Rf8+ Kg6 81. Be6 h4 82. Rf5 Nxe6 83. Kxe6 Bg3 84. Rf8 Kg5 1/2-1/2

[Event "Guben op 14th"]
[Site "Guben"]
[Date "2011.01.04"]
[Round "6.5"]
[White "Schildt, Rene"]
[Black "Stern, Rene"]
[Result "0-1"]
[WhiteElo "2037"]
[BlackElo "2504"]
[PlyCount "40"]
[EventDate "2011.01.02"]
[EventType "swiss"]
[EventRounds "9"]
[EventCountry "GER"]
[SourceTitle "CBM 140 Extra"]
[Source "ChessBase"]
[SourceDate "2011.03.01"]
[SourceVersion "1"]
[SourceVersionDate "2011.03.01"]
[SourceQuality "1"]

1. e4 e5 2. f4 exf4 3. Nf3 Be7 4. Bc4 Nf6 5. e5 Ng4 6. 0-0 Nc6 7. d4 d5 8. Be2 Ne3 9. Bxe3 fxe3 10. Bb5 0-0 11. Qe2 Bg5 12. Bxc6 bxc6 13. Nxg5 Qxg5 14. Rf3 Rb8 15. b3 c5 16. Rg3 Qf4 17. Nc3 cxd4 18. Qh5 Qf2+ 19. Kh1 dxc3 20. Rf3 Qxc2 0-1

[Event "Berlin Eckbauer op 13th"]
[Site "Berlin"]
[Date "2010.09.13"]
[Round "1.10"]
[White "Wuesthoff, Ralf"]
[Black "Schildt, Rene"]
[Result "0-1"]
[WhiteElo "1617"]
[BlackElo "1973"]
[PlyCount "48"]
[EventDate "2010.09.13"]
[EventType "swiss"]
[EventRounds "7"]
[EventCountry "GER"]
[SourceTitle "EXT 2022"]
[Source "ChessBase"]
[SourceDate "2021.10.06"]
[SourceVersion "1"]
[SourceVersionDate "2021.10.06"]
[SourceQuality "1"]

1. d4 Nf6 2. Nf3 g6 3. e3 Bg7 4. Nbd2 d5 5. Be2 0-0 6. 0-0 Nfd7 7. c3 c5 8. Re1 Nc6 9. Bb5 Qc7 10. Nb3 a6 11. Bxc6 Qxc6 12. h3 e5 13. dxe5 Nxe5 14. Nxe5 Bxe5 15. Nd2 Bf5 16. g4 Bc8 17. e4 dxe4 18. Nxe4 b6 19. Qc2 f5 20. Ng5 Bf6 21. Qe2 h6 22. Qc4+ Kh8 23. Nf7+ Kh7 24. Nxh6 Bb7 0-1

[Event "Berlin Lichtenberger op 9th"]
[Site "Berlin"]
[Date "2010.08.10"]
[Round "4"]
[White "Plump, Detlef"]
[Black "Schildt, Rene"]
[Result "1/2-1/2"]
[WhiteElo "2258"]
[BlackElo "1973"]
[PlyCount "56"]
[EventDate "2010.08.07"]
[EventType "swiss"]
[EventRounds "9"]
[EventCountry "GER"]
[SourceTitle "CBM 137 Extra"]
[Source "ChessBase"]
[SourceDate "2010.09.01"]
[SourceVersion "1"]
[SourceVersionDate "2010.09.01"]
[SourceQuality "1"]

1. e4 d5 2. exd5 Qxd5 3. Nc3 Qa5 4. d4 e5 5. Nf3 Bg4 6. dxe5 Bb4 7. Bd2 Nc6 8. a3 Nd4 9. Be2 Bxf3 10. Bxf3 Qxe5+ 11. Kf1 Bxc3 12. Bxc3 0-0-0 13. Bxd4 Rxd4 14. Qe2 Qf6 15. g3 Ne7 16. Kg2 Rhd8 17. Rhe1 Nc6 18. Rad1 Rxd1 19. Rxd1 Rxd1 20. Qxd1 a6 21. c3 Ne5 22. Be4 g6 23. Qd4 Qe7 24. f4 Ng4 25. Qh8+ Kd7 26. Qd4+ Kc8 27. Qh8+ Kd7 28. Qd4+ Kc8 1/2-1/2